[Event "Stay Safe Play From Home 281"]
[Site "Emanuel Lasker Arena"]
[Date "2020.07.06"]
[Round "4"]
[White "Mepe_Nika"]
[Black "AChessPlayer"]
[Result "1-0"]
[WhiteElo "2378"]
[BlackElo "2440"]
[PlyCount "123"]
[EventDate "2020.07.06"]
[EventType "swiss (blitz)"]

1. g3 {[%emt 0:00:01]} g6 {[%emt 0:00:01]} 2. Bg2 {[%emt 0:00:00]} Bg7 {[%emt 0:00:00]} 3. c4 {[%emt 0:00:01]} h5 {[%emt 0:00:00]} 4. h4 {[%emt 0:00:02]} c5 {[%emt 0:00:00]} 5. Nc3 {[%emt 0:00:01]} Nc6 {[%emt 0:00:00]} 6. d3 {[%emt 0:00:00]} d6 {[%emt 0:00:00]} 7. Nh3 {[%emt 0:00:01]} Nf6 {[%emt 0:00:03]} 8. O-O {[%emt 0:00:01]} Bf5 {[%emt 0:00:00]} 9. Qd2 {[%emt 0:00:02]} Qd7 {[%emt 0:00:00]} 10. Nf4 {[%emt 0:00:01]} Ng4 {[%emt 0:00:01]} 11. b3 {[%emt 0:00:01]} O-O {[%emt 0:00:02]} 12. Bb2 {[%emt 0:00:00]} b6 {[%emt 0:00:01]} 13. Ncd5 {[%emt 0:00:01]} e5 {[%emt 0:00:01]} 14. Nh3 {[%emt 0:00:04]} Rae8 {[%emt 0:00:01]} 15. Ng5 {[%emt 0:00:01]} f6 {[%emt 0:00:04]} 16. Ne4 {[%emt 0:00:02]} Be6 {[%emt 0:00:02]} 17. e3 {[%emt 0:00:02]} Bxd5 {[%emt 0:00:01]} 18. cxd5 {[%emt 0:00:00]} Ne7 {[%emt 0:00:00]} 19. Nc3 {[%emt 0:00:01]} f5 {[%emt 0:00:02]} 20. f3 {[%emt 0:00:03]} Nf6 {[%emt 0:00:02]} 21. f4 {[%emt 0:00:01]} Ng4 {[%emt 0:00:02]} 22. Ne2 {[%emt 0:00:02]} exf4 {[%emt 0:00:02]} 23. Nxf4 {[%emt 0:00:00]} Rf7 {[%emt 0:00:04]} 24. Ne6 {[%emt 0:00:02]} Bxb2 {[%emt 0:00:01]} 25. Qxb2 {[%emt 0:00:00]} Kh7 {[%emt 0:00:02]} 26. Rae1 {[%emt 0:00:02]} Kg8 {[%emt 0:00:00]} 27. e4 {[%emt 0:00:01]} Ne5 {[%emt 0:00:04]} 28. Qc3 {[%emt 0:00:04]} Nc8 {[%emt 0:00:02]} 29. Ng5 {[%emt 0:00:01]} Rfe7 {[%emt 0:00:01]} 30. d4 {[%emt 0:00:01]} cxd4 {[%emt 0:00:01]} 31. Qxd4 {[%emt 0:00:00]} Rf8 {[%emt 0:00:01]} 32. Bh3 {[%emt 0:00:03]} b5 {[%emt 0:00:02]} 33. exf5 {[%emt 0:00:02]} gxf5 {[%emt 0:00:00]} 34. Ne6 {[%emt 0:00:01]} Rxe6 {[%emt 0:00:01]} 35. dxe6 {[%emt 0:00:02]} Qxe6 {[%emt 0:00:00]} 36. Qf4 {[%emt 0:00:02]} Ne7 {[%emt 0:00:00]} 37. Qg5+ {[%emt 0:00:02]} N7g6 {[%emt 0:00:01]} 38. Bxf5 {[%emt 0:00:02]} Qf6 {[%emt 0:00:00]} 39. Bxg6 {[%emt 0:00:02]} Qxg5 {[%emt 0:00:01]} 40. hxg5 {[%emt 0:00:00]} Nxg6 {[%emt 0:00:01]} 41. Rxf8+ {[%emt 0:00:01]} Nxf8 {[%emt 0:00:00]} 42. Re7 {[%emt 0:00:01]} Ng6 {[%emt 0:00:00]} 43. Rxa7 {[%emt 0:00:00]} Ne5 {[%emt 0:00:00]} 44. a4 {[%emt 0:00:01]} Ng4 {[%emt 0:00:00]} 45. axb5 {[%emt 0:00:01]} Ne5 {[%emt 0:00:00]} 46. b6 {[%emt 0:00:00]} Nc6 {[%emt 0:00:00]} 47. Ra8+ {[%emt 0:00:00]} Kg7 {[%emt 0:00:00]} 48. b7 {[%emt 0:00:00]} Kg6 {[%emt 0:00:01]} 49. b8=Q {[%emt 0:00:00]} Nxb8 {[%emt 0:00:00]} 50. Rxb8 {[%emt 0:00:00]} Kxg5 {[%emt 0:00:00]} 51. Rd8 {[%emt 0:00:00]} Kf5 {[%emt 0:00:00]} 52. b4 {[%emt 0:00:00]} Ke5 {[%emt 0:00:00]} 53. b5 {[%emt 0:00:00]} d5 {[%emt 0:00:00]} 54. b6 {[%emt 0:00:00]} Ke6 {[%emt 0:00:00]} 55. b7 {[%emt 0:00:00]} Ke7 {[%emt 0:00:00]} 56. b8=Q {[%emt 0:00:00]} d4 {[%emt 0:00:00]} 57. Qd6+ {[%emt 0:00:00]} Kf7 {[%emt 0:00:00]} 58. Qxd4 {[%emt 0:00:00]} h4 {[%emt 0:00:01]} 59. Qd6 {[%emt 0:00:01]} hxg3 {[%emt 0:00:00]} 60. Rd7+ {[%emt 0:00:00]} Ke8 {[%emt 0:00:01]} 61. Re7+ {[%emt 0:00:00]} Kf8 {[%emt 0:00:01]} 62. Qd8# {[%emt 0:00:00] (Lag: Av=0.69s, max=1.6s)} 1-0

[Event "Stay Safe Play From Home 281"]
[Site "Emanuel Lasker Arena"]
[Date "2020.07.06"]
[Round "4"]
[White "SoulofWolf"]
[Black "Lamborghini"]
[Result "1-0"]
[WhiteElo "2132"]
[BlackElo "2229"]
[PlyCount "99"]
[EventDate "2020.07.06"]
[EventType "swiss (blitz)"]

1. Nf3 {[%emt 0:00:00]} Nf6 {[%emt 0:00:01]} 2. c4 {[%emt 0:00:00]} g6 {[%emt 0:00:00]} 3. e3 {[%emt 0:00:00]} Bg7 {[%emt 0:00:00]} 4. Be2 {[%emt 0:00:02]} O-O {[%emt 0:00:00]} 5. O-O {[%emt 0:00:00]} d6 {[%emt 0:00:00]} 6. Re1 {[%emt 0:00:00]} Nc6 {[%emt 0:00:01]} 7. d4 {[%emt 0:00:00]} e5 {[%emt 0:00:01]} 8. Nbd2 {[%emt 0:00:00]} Re8 {[%emt 0:00:02]} 9. d5 {[%emt 0:00:01]} Ne7 {[%emt 0:00:02]} 10. h3 {[%emt 0:00:02]} Nd7 {[%emt 0:00:01]} 11. Qc2 {[%emt 0:00:01]} Rf8 {[%emt 0:00:01]} 12. Nf1 {[%emt 0:00:01]} h6 {[%emt 0:00:01]} 13. Rb1 {[%emt 0:00:00]} f5 {[%emt 0:00:01]} 14. b3 {[%emt 0:00:01]} c5 {[%emt 0:00:02]} 15. Bb2 {[%emt 0:00:00]} e4 {[%emt 0:00:01]} 16. N3h2 {[%emt 0:00:02]} Ne5 {[%emt 0:00:01]} 17. Red1 {[%emt 0:00:01]} a6 {[%emt 0:00:01]} 18. b4 {[%emt 0:00:01]} cxb4 {[%emt 0:00:01]} 19. Bxe5 {[%emt 0:00:00]} Bxe5 {[%emt 0:00:02]} 20. Rxb4 {[%emt 0:00:00]} Kh7 {[%emt 0:00:03]} 21. Rdb1 {[%emt 0:00:01]} Rf7 {[%emt 0:00:02]} 22. Nd2 {[%emt 0:00:01]} Ng8 {[%emt 0:00:01]} 23. Nb3 {[%emt 0:00:01]} Qc7 {[%emt 0:00:01]} 24. Nd4 {[%emt 0:00:01]} Nf6 {[%emt 0:00:02]} 25. Nf1 {[%emt 0:00:02]} Re7 {[%emt 0:00:01]} 26. Nd2 {[%emt 0:00:02]} f4 {[%emt 0:00:01]} 27. Nf1 {[%emt 0:00:01]} fxe3 {[%emt 0:00:01]} 28. fxe3 {[%emt 0:00:02]} Ra7 {[%emt 0:00:02]} 29. a4 {[%emt 0:00:01]} a5 {[%emt 0:00:02]} 30. R4b3 {[%emt 0:00:04]} Qc5 {[%emt 0:00:01]} 31. Rb5 {[%emt 0:00:04]} Qc7 {[%emt 0:00:01]} 32. R5b3 {[%emt 0:00:01]} Bd7 {[%emt 0:00:01]} 33. Nb5 {[%emt 0:00:01]} Bxb5 {[%emt 0:00:01]} 34. axb5 {[%emt 0:00:01]} b6 {[%emt 0:00:02]} 35. Rc1 {[%emt 0:00:02]} Qc5 {[%emt 0:00:01]} 36. Qd2 {[%emt 0:00:01]} Rf7 {[%emt 0:00:01]} 37. Re1 {[%emt 0:00:01]} Rae7 {[%emt 0:00:01]} 38. Qc1 {[%emt 0:00:02]} Nd7 {[%emt 0:00:02]} 39. Bg4 {[%emt 0:00:02]} Qc7 {[%emt 0:00:02]} 40. Be6 {[%emt 0:00:01]} Rf6 {[%emt 0:00:01]} 41. Nd2 {[%emt 0:00:01]} Nc5 {[%emt 0:00:01]} 42. Rb1 {[%emt 0:00:02]} Nd3 {[%emt 0:00:01]} 43. Qd1 {[%emt 0:00:01]} Nxe1 {[%emt 0:00:00]} 44. Qxe1 {[%emt 0:00:00]} Rexe6 {[%emt 0:00:02]} 45. dxe6 {[%emt 0:00:00]} Rxe6 {[%emt 0:00:01]} 46. Nxe4 {[%emt 0:00:00]} Bh2+ {[%emt 0:00:01]} 47. Kxh2 {[%emt 0:00:00]} Rxe4 {[%emt 0:00:00]} 48. Qg3 {[%emt 0:00:00]} d5 {[%emt 0:00:00]} 49. Qxc7+ {[%emt 0:00:01]} Re7 {[%emt 0:00:03]} 50. Qxe7+ {[%emt 0:00:01] Zeit (Lag: Av=0.39s, max=0.7s)} 1-0

[Event "Stay Safe Play From Home 281"]
[Site "Emanuel Lasker Arena"]
[Date "2020.07.06"]
[Round "4"]
[White "Scorpio New"]
[Black "VotaryRoma"]
[Result "0-1"]
[WhiteElo "2127"]
[BlackElo "2139"]
[PlyCount "48"]
[EventDate "2020.07.06"]
[EventType "swiss (blitz)"]

1. d3 {[%emt 0:00:01]} Nf6 {[%emt 0:00:02]} 2. Nd2 {[%emt 0:00:00]} g6 {[%emt 0:00:00]} 3. c3 {[%emt 0:00:00]} Bg7 {[%emt 0:00:00]} 4. Qc2 {[%emt 0:00:00]} d6 {[%emt 0:00:00]} 5. e4 {[%emt 0:00:00]} O-O {[%emt 0:00:00]} 6. Ngf3 {[%emt 0:00:00]} e5 {[%emt 0:00:00]} 7. g3 {[%emt 0:00:00]} c5 {[%emt 0:00:00]} 8. Bg2 {[%emt 0:00:00]} Nc6 {[%emt 0:00:00]} 9. O-O {[%emt 0:00:00]} Be6 {[%emt 0:00:00]} 10. a4 {[%emt 0:00:01]} a6 {[%emt 0:00:01]} 11. Ng5 {[%emt 0:00:00]} h6 {[%emt 0:00:01]} 12. Nxe6 {[%emt 0:00:01]} fxe6 {[%emt 0:00:00]} 13. Nc4 {[%emt 0:00:01]} Qe7 {[%emt 0:00:01]} 14. a5 {[%emt 0:00:02]} Rad8 {[%emt 0:00:02]} 15. h4 {[%emt 0:00:01]} d5 {[%emt 0:00:00]} 16. Nd2 {[%emt 0:00:01]} d4 {[%emt 0:00:01]} 17. c4 {[%emt 0:00:01]} Nb4 {[%emt 0:00:01]} 18. Qb1 {[%emt 0:00:01]} Ng4 {[%emt 0:00:01]} 19. b3 {[%emt 0:00:01]} Qf6 {[%emt 0:00:02]} 20. Ba3 {[%emt 0:00:02]} g5 {[%emt 0:00:02]} 21. Bxb4 {[%emt 0:00:02]} cxb4 {[%emt 0:00:01]} 22. h5 {[%emt 0:00:00]} Qf7 {[%emt 0:00:01]} 23. Qe1 {[%emt 0:00:01]} Qxh5 {[%emt 0:00:01]} 24. Nf3 {[%emt 0:00:11]} Rxf3 {[%emt 0:00:03] Scorpio New abbandona (Lag: Av=0.33s, max=0.5s)} 0-1

[Event "Stay Safe Play From Home 281"]
[Site "Emanuel Lasker Arena"]
[Date "2020.07.06"]
[Round "4"]
[White "Grazie"]
[Black "Kubas"]
[Result "0-1"]
[WhiteElo "1801"]
[BlackElo "2422"]
[PlyCount "80"]
[EventDate "2020.07.06"]
[EventType "swiss (blitz)"]

1. d4 {[%emt 0:00:01]} Nf6 {[%emt 0:00:08]} 2. c3 {[%emt 0:00:00]} c5 {[%emt 0:00:02]} 3. g3 {[%emt 0:00:00]} e6 {[%emt 0:00:01]} 4. Bg2 {[%emt 0:00:01]} d5 {[%emt 0:00:00]} 5. Nf3 {[%emt 0:00:00]} Nc6 {[%emt 0:00:01]} 6. Bg5 {[%emt 0:00:01]} Be7 {[%emt 0:00:01]} 7. Bxf6 {[%emt 0:00:00]} Bxf6 {[%emt 0:00:01]} 8. dxc5 {[%emt 0:00:00]} Qa5 {[%emt 0:00:01]} 9. Nbd2 {[%emt 0:00:00]} Qxc5 {[%emt 0:00:01]} 10. O-O {[%emt 0:00:00]} O-O {[%emt 0:00:01]} 11. e4 {[%emt 0:00:00]} Rd8 {[%emt 0:00:01]} 12. exd5 {[%emt 0:00:01]} exd5 {[%emt 0:00:00]} 13. Nb3 {[%emt 0:00:02]} Qb6 {[%emt 0:00:02]} 14. Nfd4 {[%emt 0:00:01]} Bd7 {[%emt 0:00:07]} 15. Nxc6 {[%emt 0:00:04]} bxc6 {[%emt 0:00:02]} 16. Qc2 {[%emt 0:00:01]} a5 {[%emt 0:00:01]} 17. Nd2 {[%emt 0:00:01]} g6 {[%emt 0:00:01]} 18. Rad1 {[%emt 0:00:02]} Bf5 {[%emt 0:00:01]} 19. Qc1 {[%emt 0:00:02]} Rab8 {[%emt 0:00:01]} 20. b3 {[%emt 0:00:01]} a4 {[%emt 0:00:01]} 21. c4 {[%emt 0:00:00]} axb3 {[%emt 0:00:03]} 22. axb3 {[%emt 0:00:01]} Bd3 {[%emt 0:00:01]} 23. Rfe1 {[%emt 0:00:01]} d4 {[%emt 0:00:02]} 24. Ne4 {[%emt 0:00:02]} Bxe4 {[%emt 0:00:01]} 25. Bxe4 {[%emt 0:00:01]} c5 {[%emt 0:00:00]} 26. Bc2 {[%emt 0:00:02]} Kg7 {[%emt 0:00:01]} 27. Rd3 {[%emt 0:00:01]} h5 {[%emt 0:00:00]} 28. f4 {[%emt 0:00:02]} h4 {[%emt 0:00:01]} 29. Qd1 {[%emt 0:00:04]} Re8 {[%emt 0:00:01]} 30. Rxe8 {[%emt 0:00:02]} Rxe8 {[%emt 0:00:00]} 31. Qf3 {[%emt 0:00:02]} hxg3 {[%emt 0:00:01]} 32. hxg3 {[%emt 0:00:01]} Qb4 {[%emt 0:00:01]} 33. g4 {[%emt 0:00:06]} Re1+ {[%emt 0:00:01]} 34. Kg2 {[%emt 0:00:01]} Rc1 {[%emt 0:00:01]} 35. Qe2 {[%emt 0:00:02]} Qb7+ {[%emt 0:00:02]} 36. Kg3 {[%emt 0:00:02]} Qc7 {[%emt 0:00:01]} 37. Kf3 {[%emt 0:00:02]} g5 {[%emt 0:00:01]} 38. f5 {[%emt 0:00:03]} Qf4+ {[%emt 0:00:01]} 39. Kg2 {[%emt 0:00:01]} Be5 {[%emt 0:00:00]} 40. Rf3 {[%emt 0:00:02]} Qh2# {[%emt 0:00:01] (Lag: Av=0.30s, max=0.8s)} 0-1

[Event "Stay Safe Play From Home 281"]
[Site "Emanuel Lasker Arena"]
[Date "2020.07.06"]
[Round "4"]
[White "Muralikrishna"]
[Black "Haxhi Baha"]
[Result "0-1"]
[WhiteElo "1786"]
[BlackElo "2076"]
[PlyCount "104"]
[EventDate "2020.07.06"]
[EventType "swiss (blitz)"]

1. e4 {[%emt 0:00:02]} e6 {[%emt 0:00:01]} 2. d4 {[%emt 0:00:00]} d5 {[%emt 0:00:01]} 3. exd5 {[%emt 0:00:00]} exd5 {[%emt 0:00:01]} 4. c4 {[%emt 0:00:00]} c6 {[%emt 0:00:00]} 5. Nc3 {[%emt 0:00:00]} Nf6 {[%emt 0:00:01]} 6. c5 {[%emt 0:00:01]} b6 {[%emt 0:00:01]} 7. cxb6 {[%emt 0:00:01]} axb6 {[%emt 0:00:00]} 8. Nf3 {[%emt 0:00:00]} Be7 {[%emt 0:00:01]} 9. Bd3 {[%emt 0:00:02]} O-O {[%emt 0:00:00]} 10. Ne5 {[%emt 0:00:01]} c5 {[%emt 0:00:00]} 11. dxc5 {[%emt 0:00:02]} bxc5 {[%emt 0:00:01]} 12. O-O {[%emt 0:00:01]} Be6 {[%emt 0:00:01]} 13. Re1 {[%emt 0:00:04]} c4 {[%emt 0:00:01]} 14. Bc2 {[%emt 0:00:04]} Qb6 {[%emt 0:00:02]} 15. Rb1 {[%emt 0:00:18]} Nc6 {[%emt 0:00:01]} 16. Nxc6 {[%emt 0:00:03]} Qxc6 {[%emt 0:00:00]} 17. a3 {[%emt 0:00:02]} Bc5 {[%emt 0:00:03]} 18. Ba4 {[%emt 0:00:01]} Rxa4 {[%emt 0:00:02]} 19. Qxa4 {[%emt 0:00:03]} Qb6 {[%emt 0:00:02]} 20. Qb5 {[%emt 0:00:02]} Bxf2+ {[%emt 0:00:02]} 21. Kf1 {[%emt 0:00:04]} Qxb5 {[%emt 0:00:00]} 22. Nxb5 {[%emt 0:00:00]} Bxe1 {[%emt 0:00:00]} 23. Kxe1 {[%emt 0:00:00]} d4 {[%emt 0:00:00]} 24. Nxd4 {[%emt 0:00:02]} Bd5 {[%emt 0:00:00]} 25. Be3 {[%emt 0:00:01]} Be4 {[%emt 0:00:01]} 26. Kf2 {[%emt 0:00:00]} Bxb1 {[%emt 0:00:01]} 27. Nc6 {[%emt 0:00:00]} Nd5 {[%emt 0:00:01]} 28. Bd4 {[%emt 0:00:02]} Re8 {[%emt 0:00:01]} 29. Kg3 {[%emt 0:00:00]} Be4 {[%emt 0:00:01]} 30. Bc5 {[%emt 0:00:00]} Ne3 {[%emt 0:00:02]} 31. Ne7+ {[%emt 0:00:00]} Rxe7 {[%emt 0:00:01]} 32. Bxe7 {[%emt 0:00:01]} Nf5+ {[%emt 0:00:00]} 33. Kf4 {[%emt 0:00:00]} Nxe7 {[%emt 0:00:00]} 34. Kxe4 {[%emt 0:00:00]} f5+ {[%emt 0:00:00]} 35. Kd4 {[%emt 0:00:00]} Nc8 {[%emt 0:00:01]} 36. Kxc4 {[%emt 0:00:00]} Kf7 {[%emt 0:00:00]} 37. Kd4 {[%emt 0:00:00]} Ke7 {[%emt 0:00:00]} 38. Ke3 {[%emt 0:00:00]} g6 {[%emt 0:00:00]} 39. b4 {[%emt 0:00:00]} Kd6 {[%emt 0:00:00]} 40. a4 {[%emt 0:00:00]} Kd5 {[%emt 0:00:00]} 41. b5 {[%emt 0:00:00]} Nd6 {[%emt 0:00:01]} 42. Kf4 {[%emt 0:00:00]} Nf7 {[%emt 0:00:03]} 43. b6 {[%emt 0:00:02]} Kc6 {[%emt 0:00:01]} 44. a5 {[%emt 0:00:00]} Nd6 {[%emt 0:00:01]} 45. h4 {[%emt 0:00:00]} Nc4 {[%emt 0:00:05]} 46. Kg5 {[%emt 0:00:00]} Nxa5 {[%emt 0:00:01]} 47. Kh6 {[%emt 0:00:00]} f4 {[%emt 0:00:01]} 48. Kxh7 {[%emt 0:00:00]} Nc4 {[%emt 0:00:02]} 49. Kxg6 {[%emt 0:00:00]} Ne5+ {[%emt 0:00:02]} 50. Kf5 {[%emt 0:00:01]} f3 {[%emt 0:00:00]} 51. gxf3 {[%emt 0:00:01]} Nxf3 {[%emt 0:00:01]} 52. h5 {[%emt 0:00:00]} Nd4+ {[%emt 0:00:00] Time (Lag: Av=1.24s, max=4.1s)} 0-1

[Event "Stay Safe Play From Home 281"]
[Site "Emanuel Lasker Arena"]
[Date "2020.07.06"]
[Round "4"]
[White "Robk"]
[Black "NeatFox"]
[Result "0-1"]
[WhiteElo "1584"]
[BlackElo "1929"]
[PlyCount "60"]
[EventDate "2020.07.06"]
[EventType "swiss (blitz)"]

1. e4 {[%emt 0:00:02]} e5 {[%emt 0:00:01]} 2. Nf3 {[%emt 0:00:02]} Nc6 {[%emt 0:00:00]} 3. Bb5 {[%emt 0:00:02]} d6 {[%emt 0:00:01]} 4. d4 {[%emt 0:00:02]} exd4 {[%emt 0:00:01]} 5. Nxd4 {[%emt 0:00:02]} Bd7 {[%emt 0:00:01]} 6. Nc3 {[%emt 0:00:02]} Nxd4 {[%emt 0:00:01]} 7. Bxd7+ {[%emt 0:00:01]} Qxd7 {[%emt 0:00:00]} 8. Qxd4 {[%emt 0:00:01]} Nf6 {[%emt 0:00:01]} 9. f3 {[%emt 0:00:01]} Be7 {[%emt 0:00:01]} 10. Be3 {[%emt 0:00:01]} O-O {[%emt 0:00:01]} 11. O-O-O {[%emt 0:00:02]} a6 {[%emt 0:00:01]} 12. g4 {[%emt 0:00:01]} Rfd8 {[%emt 0:00:03]} 13. h4 {[%emt 0:00:01]} c6 {[%emt 0:00:02]} 14. h5 {[%emt 0:00:01]} d5 {[%emt 0:00:02]} 15. g5 {[%emt 0:00:01]} Ne8 {[%emt 0:00:04]} 16. h6 {[%emt 0:00:01]} f6 {[%emt 0:00:01]} 17. hxg7 {[%emt 0:00:03]} fxg5 {[%emt 0:00:01]} 18. Qd2 {[%emt 0:00:06]} Nxg7 {[%emt 0:00:05]} 19. Bxg5 {[%emt 0:00:03]} Bxg5 {[%emt 0:00:00]} 20. Qxg5 {[%emt 0:00:02]} Qf7 {[%emt 0:00:03]} 21. exd5 {[%emt 0:00:05]} cxd5 {[%emt 0:00:02]} 22. Nxd5 {[%emt 0:00:03]} Rd7 {[%emt 0:00:03]} 23. Nf6+ {[%emt 0:00:02]} Kf8 {[%emt 0:00:00]} 24. Nxd7+ {[%emt 0:00:01]} Kg8 {[%emt 0:00:00]} 25. Nf6+ {[%emt 0:00:02]} Kf8 {[%emt 0:00:01]} 26. Nxh7+ {[%emt 0:00:01]} Ke8 {[%emt 0:00:02]} 27. Nf6+ {[%emt 0:00:01]} Kf8 {[%emt 0:00:01]} 28. Rh8+ {[%emt 0:00:02]} Ke7 {[%emt 0:00:00]} 29. Nd5+ {[%emt 0:00:03]} Ke6 {[%emt 0:00:01]} 30. Nf4+ {[%emt 0:00:02]} Qxf4+ {[%emt 0:00:03] Time (Lag: Av=0.56s, max=0.8s)} 0-1

[Event "Stay Safe Play From Home 281"]
[Site "Emanuel Lasker Arena"]
[Date "2020.07.06"]
[Round "4"]
[White "Mandy"]
[Black "Klasman"]
[Result "0-1"]
[WhiteElo "924"]
[BlackElo "1404"]
[Annotator "NA"]
[PlyCount "34"]
[EventDate "2020.07.06"]
[EventType "swiss (blitz)"]

1. d4 {[%emt 0:00:03]} f5 {[%emt 0:00:01]} 2. Bf4 {[%emt 0:00:01]} Nf6 {[%emt 0:00:02]} 3. e3 {[%emt 0:00:00]} e6 {[%emt 0:00:01]} 4. Nf3 {[%emt 0:00:01]} d5 {[%emt 0:00:01]} 5. h3 {[%emt 0:00:01]} Bd6 {[%emt 0:00:01]} 6. Bg3 {[%emt 0:00:04]} Bxg3 {[%emt 0:00:02]} 7. fxg3 {[%emt 0:00:01]} O-O {[%emt 0:00:01]} 8. Bd3 {[%emt 0:00:01]} Qe8 {[%emt 0:00:01]} 9. O-O {[%emt 0:00:03]} Qg6 {[%emt 0:00:01]} 10. Qe1 {[%emt 0:00:21]} Bd7 {[%emt 0:00:04]} 11. Nh4 {[%emt 0:00:02]} Qh6 {[%emt 0:00:03]} 12. Nf3 {[%emt 0:00:08]} Nc6 {[%emt 0:00:02]} 13. c3 {[%emt 0:00:02]} Ne4 {[%emt 0:00:03]} 14. Nbd2 {[%emt 0:00:03]} Nxd2 {[%emt 0:00:02]} 15. Qxd2 {[%emt 0:00:05]} Qg6 {[%emt 0:00:02]} 16. Qf2 {[%emt 0:00:03]} Rae8 {[%emt 0:00:02]} 17. Nh4 {[%emt 0:00:01]} Qg5 {[%emt 0:00:02] Zeit (Lag: Av=0.49s, max=0.6s)} 0-1

[Event "Stay Safe Play From Home 281"]
[Site "Emanuel Lasker Arena"]
[Date "2020.07.06"]
[Round "5"]
[White "Kubas"]
[Black "Haxhi Baha"]
[Result "1-0"]
[WhiteElo "2423"]
[BlackElo "2081"]
[PlyCount "55"]
[EventDate "2020.07.06"]
[EventType "swiss (blitz)"]

1. Nf3 {[%emt 0:00:01]} b6 {[%emt 0:00:01]} 2. c4 {[%emt 0:00:01]} Bb7 {[%emt 0:00:00]} 3. Nc3 {[%emt 0:00:00]} f5 {[%emt 0:00:01]} 4. g3 {[%emt 0:00:01]} Nf6 {[%emt 0:00:01]} 5. Bg2 {[%emt 0:00:00]} e5 {[%emt 0:00:01]} 6. O-O {[%emt 0:00:00]} e4 {[%emt 0:00:00]} 7. Ne1 {[%emt 0:00:01]} d5 {[%emt 0:00:02]} 8. d3 {[%emt 0:00:01]} c6 {[%emt 0:00:05]} 9. Bg5 {[%emt 0:00:03]} Bb4 {[%emt 0:00:02]} 10. cxd5 {[%emt 0:00:01]} Bxc3 {[%emt 0:00:01]} 11. bxc3 {[%emt 0:00:01]} cxd5 {[%emt 0:00:00]} 12. c4 {[%emt 0:00:00]} O-O {[%emt 0:00:02]} 13. cxd5 {[%emt 0:00:01]} Bxd5 {[%emt 0:00:00]} 14. Nc2 {[%emt 0:00:04]} exd3 {[%emt 0:00:05]} 15. Bxf6 {[%emt 0:00:01]} gxf6 {[%emt 0:00:11]} 16. Qxd3 {[%emt 0:00:05]} Bxg2 {[%emt 0:00:01]} 17. Qxd8 {[%emt 0:00:01]} Rxd8 {[%emt 0:00:00]} 18. Kxg2 {[%emt 0:00:00]} Rd2 {[%emt 0:00:01]} 19. Ne3 {[%emt 0:00:01]} Nd7 {[%emt 0:00:04]} 20. Rfd1 {[%emt 0:00:02]} Rxd1 {[%emt 0:00:02]} 21. Rxd1 {[%emt 0:00:01]} Nc5 {[%emt 0:00:01]} 22. Nxf5 {[%emt 0:00:00]} Kf7 {[%emt 0:00:01]} 23. Kf3 {[%emt 0:00:02]} Ke6 {[%emt 0:00:03]} 24. e4 {[%emt 0:00:01]} Rc8 {[%emt 0:00:04]} 25. Ke3 {[%emt 0:00:04]} Nd7 {[%emt 0:00:01]} 26. Rd6+ {[%emt 0:00:01]} Kf7 {[%emt 0:00:01]} 27. Rxd7+ {[%emt 0:00:00]} Kg8 {[%emt 0:00:01]} 28. Ne7+ {[%emt 0:00:01] Haxhi Baha resigns (Lag: Av=0.71s, max=0.9s)} 1-0

[Event "Stay Safe Play From Home 281"]
[Site "Emanuel Lasker Arena"]
[Date "2020.07.06"]
[Round "5"]
[White "AChessPlayer"]
[Black "SoulofWolf"]
[Result "1-0"]
[WhiteElo "2420"]
[BlackElo "2154"]
[PlyCount "125"]
[EventDate "2020.07.06"]
[EventType "swiss (blitz)"]

1. e3 {[%emt 0:00:01]} Nc6 {[%emt 0:00:00]} 2. Nf3 {[%emt 0:00:00]} e6 {[%emt 0:00:00]} 3. d4 {[%emt 0:00:00]} d5 {[%emt 0:00:00]} 4. c4 {[%emt 0:00:00]} Nf6 {[%emt 0:00:00]} 5. Nc3 {[%emt 0:00:00]} Bb4 {[%emt 0:00:01]} 6. Bd2 {[%emt 0:00:01]} O-O {[%emt 0:00:00]} 7. Rc1 {[%emt 0:00:00]} Re8 {[%emt 0:00:00]} 8. a3 {[%emt 0:00:00]} Bxc3 {[%emt 0:00:01]} 9. Bxc3 {[%emt 0:00:00]} dxc4 {[%emt 0:00:02]} 10. Bxc4 {[%emt 0:00:00]} Bd7 {[%emt 0:00:00]} 11. O-O {[%emt 0:00:01]} a6 {[%emt 0:00:00]} 12. Qe2 {[%emt 0:00:01]} b5 {[%emt 0:00:01]} 13. Ba2 {[%emt 0:00:00]} Rb8 {[%emt 0:00:01]} 14. e4 {[%emt 0:00:00]} b4 {[%emt 0:00:01]} 15. axb4 {[%emt 0:00:00]} Nxb4 {[%emt 0:00:00]} 16. Bb1 {[%emt 0:00:00]} a5 {[%emt 0:00:01]} 17. Rfd1 {[%emt 0:00:01]} c6 {[%emt 0:00:01]} 18. e5 {[%emt 0:00:00]} Nfd5 {[%emt 0:00:01]} 19. Qe4 {[%emt 0:00:00]} g6 {[%emt 0:00:01]} 20. Qg4 {[%emt 0:00:01]} Qe7 {[%emt 0:00:02]} 21. Ng5 {[%emt 0:00:01]} Qf8 {[%emt 0:00:01]} 22. Ne4 {[%emt 0:00:01]} Qg7 {[%emt 0:00:01]} 23. h4 {[%emt 0:00:01]} f5 {[%emt 0:00:02]} 24. exf6 {[%emt 0:00:01]} Nxf6 {[%emt 0:00:00]} 25. Nxf6+ {[%emt 0:00:00]} Qxf6 {[%emt 0:00:00]} 26. d5 {[%emt 0:00:00]} Qf7 {[%emt 0:00:04]} 27. dxe6 {[%emt 0:00:03]} Bxe6 {[%emt 0:00:01]} 28. Qd4 {[%emt 0:00:00]} Kf8 {[%emt 0:00:03]} 29. Re1 {[%emt 0:00:07]} Nd5 {[%emt 0:00:04]} 30. Qh8+ {[%emt 0:00:02]} Ke7 {[%emt 0:00:00]} 31. Ba2 {[%emt 0:00:02]} Rxh8 {[%emt 0:00:02]} 32. Bd4 {[%emt 0:00:03]} Rhe8 {[%emt 0:00:02]} 33. Bc5+ {[%emt 0:00:00]} Kd7 {[%emt 0:00:00]} 34. Rcd1 {[%emt 0:00:01]} Kc7 {[%emt 0:00:01]} 35. Re4 {[%emt 0:00:02]} Rxb2 {[%emt 0:00:01]} 36. Ra4 {[%emt 0:00:01]} Rb5 {[%emt 0:00:02]} 37. Bd4 {[%emt 0:00:01]} Nf4 {[%emt 0:00:03]} 38. Be5+ {[%emt 0:00:01]} Kb7 {[%emt 0:00:03]} 39. Bxf4 {[%emt 0:00:00]} Bxa2 {[%emt 0:00:02]} 40. Bg3 {[%emt 0:00:02]} Bd5 {[%emt 0:00:02]} 41. Rad4 {[%emt 0:00:01]} Qe6 {[%emt 0:00:01]} 42. Kh2 {[%emt 0:00:01]} Qf5 {[%emt 0:00:01]} 43. Rf4 {[%emt 0:00:01]} Qd7 {[%emt 0:00:01]} 44. Rc1 {[%emt 0:00:00]} Re7 {[%emt 0:00:00]} 45. Rc3 {[%emt 0:00:00]} Rf7 {[%emt 0:00:01]} 46. Re3 {[%emt 0:00:01]} Rxf4 {[%emt 0:00:01]} 47. Bxf4 {[%emt 0:00:00]} Qf5 {[%emt 0:00:00]} 48. Bg3 {[%emt 0:00:00]} Qh5 {[%emt 0:00:00]} 49. f3 {[%emt 0:00:00]} Kb6 {[%emt 0:00:01]} 50. Re7 {[%emt 0:00:00]} g5 {[%emt 0:00:00]} 51. Bf2+ {[%emt 0:00:01]} c5 {[%emt 0:00:01]} 52. Re5 {[%emt 0:00:00]} Bc6 {[%emt 0:00:00]} 53. Rxg5 {[%emt 0:00:00]} Qh6 {[%emt 0:00:00]} 54. Bg3 {[%emt 0:00:00]} Qe6 {[%emt 0:00:01]} 55. Re5 {[%emt 0:00:00]} Qb3 {[%emt 0:00:00]} 56. Re7 {[%emt 0:00:01]} a4 {[%emt 0:00:00]} 57. Bc7+ {[%emt 0:00:00]} Ka6 {[%emt 0:00:01]} 58. Bd6 {[%emt 0:00:00]} a3 {[%emt 0:00:00]} 59. Be5 {[%emt 0:00:01]} Ka5 {[%emt 0:00:00]} 60. Ra7+ {[%emt 0:00:01]} Kb4 {[%emt 0:00:00]} 61. Rc7 {[%emt 0:00:00]} c4 {[%emt 0:00:00]} 62. Rxc6 {[%emt 0:00:01]} a2 {[%emt 0:00:00]} 63. Bd6+ {[%emt 0:00:00] Czas partii (Lag: Av=0.56s, max=1.8s)} 1-0